City Countdown - Germany - Statistics

General Stats
  • This quiz has been taken 20 times
  • The average score is 9 of 10
Answer Stats
Rank City % Correct
#1 Berlin
100%
#5 Frankfurt-am-Main
100%
#7 Düsseldorf
94%
#2 Hamburg
94%
#6 Stuttgart
94%
#4 Cologne
88%
#9 Dortmund
88%
#3 Munich
88%
#10 Essen
75%
#8 Leipzig
69%
No matching quizzes found
Score Distribution
Percent of People with Each Score
Percentile by Number Answered
Your Score History
You have not taken this quiz